000
00296nam a2200133Ia 4500
100
_a
Steinmetz/Ralf/ Nahrstedt/Klara
942
_c
BK
654
_a
multimedia
245
_a
MultimediaLComputing
260
_b
Pearson Education
_c
2002
082
_a
4.65
_b
STE
300
_a
544
546
_a
ENGLISH
999
_c
29861
_d
29861